| 000 | 00860nam a22002417a 4500 | ||
|---|---|---|---|
| 008 | 130821s2008 enk gr eng | ||
| 020 | _a1841134910 | ||
| 020 | _a9781841134918 | ||
| 040 |
_aCo-BoUCM _bspa |
||
| 041 | 0 | 0 | _aeng |
| 100 | 1 |
_aKlatt, Matthias _9167213 |
|
| 245 | 1 | 0 |
_aMaking the law explicit the normativity of legal argumentation _cMatthias Klatt |
| 260 |
_aOxford (Oxfordshire, Inglaterra) _bHart Pub. _c2008 |
||
| 300 | _axvi, 303 páginas | ||
| 490 | 0 |
_aEuropean Academy of Legal Theory monograph series _v7 |
|
| 504 | _aIncluye referencias bibliográficas e índice. | ||
| 650 | 0 | 4 |
_aArgumentación jurídica _99342 |
| 650 | 0 | 4 |
_aDerecho _xMetodología _934556 |
| 650 | 0 | 4 |
_aFilosofía del derecho _915792 |
| 650 | 0 | 4 |
_aTeoría del derecho _925308 |
| 942 |
_cLIBRO _a8 _e1 _mK635m _2DEWEY _h340.1 |
||
| 999 |
_c68700 _d68700 |
||